| 000 | 00472nab a2200145Ia 4500 | ||
|---|---|---|---|
| 003 | ES-SlBCS | ||
| 005 | 20210601145929.0 | ||
| 008 | 140529s2003 xxu||||| |||| 00| 0 spa d | ||
| 041 | _aspa | ||
| 100 | 1 |
_aOrbegozo, Jesús _970279 |
|
| 245 | 0 | 0 |
_a¿Están los políticos realmente comprometidos con la educación de los más pobres? _c Jesús Orbegozo |
| 650 | 0 | 4 |
_aEducación _986687 |
| 773 | 0 |
_tSal Terrae _gvol. 91/3, nº. 1065, 2003, págs. 231-234 _wRev410 |
|
| 942 | _cAR | ||
| 999 |
_c732413 _d732413 |
||